000 00513nam a2200205Ia 4500
003 OSt
005 20221005131329.0
006 a|||||r|||| 00| 0
007 ta
008 221004b |||||||| |||| 00| 0 snd d
024 _a7373
037 _cTextual
040 _aCRL
_cCRL
_bsnd
041 _2snd
_asnd
082 _aV44Q74.C, 1593[K3]
245 0 _aSindhu Nadi ain Sindhu ja pracheen Itihas
260 _c1963
942 _hV44Q74.C, 1593[K3]
_cTEXL
_2cc
999 _c1059983
_d1059983